| 000 | 00754nam a22002177a 4500 | ||
|---|---|---|---|
| 999 |
_c11460 _d11460 |
||
| 008 | 181205b ||||| |||| 00| 0 eng d | ||
| 020 | _a978-44625-590-2 | ||
| 020 | _a978-1-4425-591-9 (pbk) | ||
| 082 |
_22017 _aDC 362.8 _bD286 |
||
| 100 |
_aDavies, Pamela _914627 |
||
| 245 |
_aVictims, crime & society : _ban introduction / _cedited by Pamela Davies, Peter Frances and Chris Greer. |
||
| 250 | _aSecond edition | ||
| 260 |
_aLos Angeles : _bSage, _c©2017. |
||
| 300 |
_axiii, 288 pages : _billustrations ; _c23 cm. |
||
| 500 | _aIncludes glossary and index. | ||
| 650 |
_aVictim of crimes _xPolitical aspect _zGreat Britain _932858 |
||
| 700 |
_aFrancis, Peter _932859 |
||
| 700 |
_aGreer, Chris _932860 |
||
| 365 |
_b3149.00 _cPhp |
||
| 942 |
_2ddc _cDC |
||